Statistiken für Top 15 der betroffenen Covid-19-Länder - 10. Mai 2021

Klicken Sie hier um das Quiz zu spielen!

Allgemein

  • Dieses Quiz wurde 21 mal gespielt
  • Das Durchschnittsergebnis liegt bei 16 aus 28

Antwortstatistiken

Land% Korrekt
Deutschland
100%
Frankreich
100%
Vereinigte Staaten
100%
Italien
95%
Spanien
95%
Brasilien
86%
Indien
86%
Russland
86%
Vereinigtes Königreich
81%
Polen
71%
Portugal
67%
Türkei
67%
Argentinien
62%
Tschechien
62%
Belgien
57%
Niederlande
57%
Mexiko
52%
Schweden
52%
Iran
48%
Kolumbien
38%
Ungarn
33%
Kroatien
29%
Slowenien
29%
Estland
24%
Israel
24%
Litauen
19%
Bahrain
14%
Panama
10%

Verteilung der Resultate

Perzentil nach korrekt beantworteten Fragen

Anzahl Personen mit jedem Resultat

Ihre Resultats-Entwicklung

Sie haben dieses Quiz noch nicht gespielt